|
|
|
|
| LEADER |
01275nam a22003017a 4500 |
| 001 |
36005 |
| 003 |
BD-DhAAL |
| 005 |
20211129154023.0 |
| 008 |
190922t1990 nyua 000 0enggdd |
| 999 |
|
|
|c 41338
|d 41338
|
| 020 |
|
|
|a 0070566046
|
| 040 |
|
|
|a BD-DhAAL
|
| 082 |
|
|
|a 428.1
|2 20
|
| 100 |
|
|
|a Allred, Ruel A.
|9 34997
|
| 245 |
|
|
|a McGraw-Hill spelling.
|n [Grade 3] /
|c Ruel A. Allred, John T. Wolinski.
|
| 260 |
|
|
|a New York :
|b McGraw-Hill School Division,
|c c1990
|
| 300 |
|
|
|a 280 pages :
|b color illustrations ;
|c 28 cm
|
| 500 |
|
|
|a Student textbook; consumable text.
|
| 526 |
|
|
|a BIED
|
| 541 |
|
|
|a Complimentary copy from BIED
|e 36005
|
| 650 |
|
|
|a English language
|x Orthography and spelling.
|9 34998
|
| 650 |
|
|
|a English language
|x Orthography and spelling
|v Textbooks.
|9 34999
|
| 650 |
|
|
|a English language
|x Study and teaching (Primary).
|9 35000
|
| 650 |
|
|
|a English language
|x Study and teaching (Elementary).
|9 35001
|
| 700 |
|
|
|a Wolinski, John T.
|9 35002
|
| 852 |
|
|
|a Ayesha Abed Library
|c BIED Collection
|
| 942 |
|
|
|2 ddc
|c BK
|
| 952 |
|
|
|0 0
|1 0
|2 ddc
|4 0
|6 428_100000000000000_ALL
|7 0
|9 66442
|a BRACUL
|b BRACUL
|c GEN
|d 2019-09-22
|e Complimentary copy from BIED
|l 1
|m 13
|o 428.1 ALL
|p 3010036005
|r 2024-05-23
|s 2023-07-04
|t 1
|w 2019-09-22
|y BK
|x Transferred from BIED to General Stacks
|